000 00641nam a2200205Ii 4500
003 JO-AjNU
008 230605s9999||||xx |||||||||||||| ||und||
017 _a1985/909
040 _aJO-AjNU
_bara
_erda
_cJO-AjNU
041 _aara
050 1 4 _aPJ7846 1985
100 3 _aتأليف محجوب،نشوان قحطان,
_eauthor
_919784
245 0 0 _aأحزان الزمن الضائع: مجموعة قصصية
264 3 1 _aبغداد: د.ن، 1985
300 _a125ص
336 _atext
_btxt
_2rdacontent
337 _aunmediated
_bn
_2rdamedia
338 _avolume
_bnc
_2rdacarrier
650 4 _aالأدب العربي - قصص
_919785
999 _aA6590
_c10158
_d10158